LEADER 02644oam 2200661 450 001 9910716547903321 005 20210914113518.0 035 $a(CKB)5470000002522677 035 $a(OCoLC)680313714$z(OCoLC)631786520$z(OCoLC)667926935$z(OCoLC)984765482 035 $a(OCoLC)995470000002522677 035 $a(EXLCZ)995470000002522677 100 $a20101110d1997 ua 0 101 0 $aeng 135 $aurmn||||||||| 181 $ctxt$2rdacontent 182 $cc$2rdamedia 183 $acr$2rdacarrier 200 10$aHydrology and water chemistry of the Benton Lake basin with emphasis on the fate of dissolved solids at Benton Lake National Wildlife Refuge, west-central Montana /$fby David A. Nimick ; prepared in cooperation with the U.S. Fish and Wildlife Service 210 1$aHelena, Montana :$cU.S. Geological Survey,$d1997. 215 $a1 online resource (vi, 79 pages) $cillustrations (some color), maps 225 1 $aWater-resources investigations report ;$v97-4100 300 $a"August 1997." 320 $aIncludes bibliographical references (pages 62-65). 606 $aHydrology$zMontana$zBenton Lake National Wildlife Refuge 606 $aWater$xPollution$zMontana$zBenton Lake National Wildlife Refuge 606 $aWater chemistry$zMontana$zBenton Lake National Wildlife Refuge 606 $aSelenium$xEnvironmental aspects$zMontana$zBenton Lake National Wildlife Refuge 606 $aWater quality management$zMontana$zBenton Lake National Wildlife Refuge 606 $aHydrology$2fast 606 $aSelenium$xEnvironmental aspects$2fast 606 $aWater$xPollution$2fast 606 $aWater quality management$2fast 607 $aMontana$zBenton Lake National Wildlife Refuge$2fast 615 0$aHydrology 615 0$aWater$xPollution 615 0$aWater chemistry 615 0$aSelenium$xEnvironmental aspects 615 0$aWater quality management 615 7$aHydrology. 615 7$aSelenium$xEnvironmental aspects. 615 7$aWater$xPollution. 615 7$aWater quality management. 700 $aNimick$b David A.$01401136 712 02$aGeological Survey (U.S.), 712 02$aU.S. Fish and Wildlife Service. 801 0$bOCLCE 801 1$bOCLCE 801 2$bOCLCQ 801 2$bOCLCF 801 2$bOCLCQ 801 2$bOCLCO 801 2$bOCLCQ 801 2$bCOP 801 2$bGPO 906 $aBOOK 912 $a9910716547903321 996 $aHydrology and water chemistry of the Benton Lake basin with emphasis on the fate of dissolved solids at Benton Lake National Wildlife Refuge, west-central Montana$93487473 997 $aUNINA LEADER 01906nam0 22004213i 450 001 TO00070871 005 20251003044401.0 100 $a20020930d1980 ||||0itac50 ba 101 | $aita$cita 102 $ait 181 1$6z01$ai $bxxxe 182 1$6z01$an 183 1$6z01$anc$2RDAcarrier 200 1 $aLavoro e non lavoro$fAris Accornero 210 $aBologna$cCappelli$d1980 215 $a206 p.$d19 cm. 225 | $aˆL'‰autonomia del politico 314 $a1931- // Sociologo, professore universitario$9CFIV012657 410 0$1001TO00065017$12001 $aˆL'‰autonomia del politico 500 10$aLavoro e non lavoro$3IEI0738529$9CFIV012657$9949171 606 $aLavoro$xDomanda e offerta$2FIR$3CFIC002845$9I 676 $a306.360945$9SISTEMI DI LAVORO. ITALIA$v19 676 $a306.360945$9SISTEMI DI LAVORO. ITALIA$v20 676 $a331.1$9$v12 676 $a331.12$9MERCATO DEL LAVORO$v23 696 $aDomanda$aOfferta 699 $aDomanda e offerta$xDomanda$xOfferta 700 1$aAccornero$b, Aris$3CFIV012657$4070$0437517 801 3$aIT$bIT-000000$c20020930 850 $aIT-BN0095 $aIT-NA0079 $aIT-NA0581 901 $bNAP BN$cA $nComprende volumi con collocazioni per formato catalogati prima del 1987. La consegna del doc. é effettuata dall'Uff. Distribuzione. 901 $bNAP FC$cFONDO $n$ 901 $bNAP 01$cPOZZO LIB.$nVi sono collocati fondi di economia, periodici di ingegneria e scienze, periodici di economia e statistica e altri fondi comprendenti documenti di economia pervenuti in dono. 912 $aTO00070871 950 0$aBiblioteca Centralizzata di Ateneo$c1 v.$d 01POZZO LIB.F. SANTI 382$e 0101 0060029805E VMA 1 v. (Precedente collocazione S 395)$fB $h20221109$i20221109 977 $a 01$a BN$a FC 996 $aLavoro e non lavoro$9949171 997 $aUNISANNIO LEADER 02161cam0-22004811i-450 001 990001716020403321 005 20260210113100.0 035 $a000171602 035 $aFED01000171602 035 $a(Aleph)000171602FED01 035 $a000171602 100 $a20030910g18801894km-y0itay50------ba 101 0 $afre 102 $aFR 105 $aa-------001yy 200 1 $aTraité de chimie générale$ecomprenant les principales applications de la chimie aux sciences biologiques et aux arts industriels$fpar Paul Schützenberger 210 $aParis$cHachette$d1880-1894 215 $a7 v.$cill.$d25 cm 307 $a1.: XII, 735 p. : ill. ; 2.: 626 p. : ill. ; 3.: 420 p. ; 4.: 556 p. : ill. ; 5.: 653 p. : ill. ; 6.: 610 p. ; 7.: 736 p. 610 0 $aChimica applicata 676 $a660$v23$zita 700 1$aSchützenberger,$bPaul$00 801 0$aIT$bUNINA$gRICA$2UNIMARC 856 4 $zVisualizza la versione elettronica in SUDOC$uhttps://lillonum.univ-lille.fr/s/lillonum/ark:/72505/bPB3mf$e20251104 856 4 $zVisualizza la versione elettronica in SUDOC$uhttps://lillonum.univ-lille.fr/s/lillonum/ark:/72505/b2vpiY$e20251104 856 4 $zVisualizza la versione elettronica in SUDOC$uhttps://lillonum.univ-lille.fr/s/lillonum/ark:/72505/bWSysG$e20251104 856 4 $zVisualizza la versione elettronica in SUDOC$uhttps://lillonum.univ-lille.fr/s/lillonum/ark:/72505/br1u6v$e20251104 856 4 $zVisualizza la versione elettronica in SUDOC$uhttps://lillonum.univ-lille.fr/s/lillonum/ark:/72505/bKBfPN$e20251104 856 4 $zVisualizza la versione elettronica in SUDOC$uhttps://lillonum.univ-lille.fr/s/lillonum/ark:/72505/bbFbBK$e20251104 901 $aBK 912 $a990001716020403321 952 $a60 660 B 7$b1296/97$fFAGBC 952 $aM 2 V 38 (1$b25822$fNAP14 952 $aM 2 V 38 (2$b25822$fNAP14 952 $aM 2 V 38 (3$b25822$fNAP14 952 $aM 2 V 38 (4$b25822$fNAP14 952 $aM 2 V 38 (5$b25822$fNAP14 952 $aM 2 V 38 (6$b25822$fNAP14 952 $aM 2 V 38 (7$b25822$fNAP14 959 $aFAGBC 959 $aNAP14 996 $aTraité de chimie générale$94451743 997 $aUNINA